| 000 | 00657nam a2200229 a 4500 | ||
|---|---|---|---|
| 999 |
_c1618 _d1618 |
||
| 001 | 1618 | ||
| 003 | BD-JhCC | ||
| 005 | 20221025134021.0 | ||
| 008 | 171022s2006 bg |||| ||a| 00| 0 ben d | ||
| 020 | _a9844019133 | ||
| 035 | _a(BD-JhCC) 1618 | ||
| 040 |
_aBD-JhCC _dBD-JhCC |
||
| 041 | _aben | ||
| 082 |
_a891.443 _bHAI 2006 |
||
| 100 | _aহাই, হাসানাত আবদুল | ||
| 245 |
_aনভেলা / _cহাসানাত আবদুল হাই |
||
| 260 |
_aঢাকা : _bআগামী প্রকাশনী , _c2006 |
||
| 300 |
_a151 .: _c32 cm. |
||
| 650 | _aBengali Novel | ||
| 942 |
_2ddc _cBK _03 |
||